| 000 | 00651nam a2200193 i 4500 | ||
|---|---|---|---|
| 001 | 96934 | ||
| 003 | ES-MaACL | ||
| 005 | 20251013215855.0 | ||
| 007 | t| | ||
| 008 | 050704s1912 sp ||||1| spa d | ||
| 100 |
_aManrique, Jorge, _d1440?-1479 _9178074 |
||
| 245 | 1 | 0 | _aCoplas que fizo don Jorge Manrique por la muerte de su padre. |
| 250 |
_aNueva ed. crítica _bpúblicala R. Foulché-Delbosc. |
||
| 260 |
_aMadrid : _bLibrería de Victoriano Suárez, _c1912 ( _fImp. de Fortanet) |
||
| 300 |
_a47 p. ; _c24 cm. |
||
| 700 | 1 |
_aFoulché-Delbosc, Raymond, _d1864-1929 _951941 |
|
| 852 |
_aES-MaACL _jT-1337-F-4 |
||
| 999 |
_c96934 _d96934 |
||